000
00275nam a2200109Ia 4500
005
20251222154322.0
008
251222s9999||||xx |||||||||||||| ||spa||
082
_a
330.985.41/C28
100
_a
"Carrasco Echave, Edgardo"
245
0
_a
Crear riqueza: Reto y tarea
942
_c
LIB
999
_c
33796
_d
33796